Frozen characters by picture - Statistics

General Stats
  • This quiz has been taken 211 times
  • The average score is 7 of 12
Answer Stats
Picture Answer % Correct
Anna
98%
Elsa
98%
Olaf
97%
Kristoff
90%
Sven
88%
Hans
85%
Pabbie
33%
Oaken
26%
Queen Iduna
26%
King Agnarr
22%
General Mattias
19%
Ryder
14%
No matching quizzes found
Score Distribution
Percent of People with Each Score
Percentile by Number Answered
Your Score History
You have not taken this quiz